00738nam a2200181Ia 4500008004100000020001500041041001200056082001600068100001800084245004000102260003700142300000800179650001600187942000700203999001500210952016000225952017100385221030s9999 xx 000 0 und d a8187433418 aEnglish a105.23bCha aB. S. Chhabra 0aCobol Programmingcby B. S. Chhabra bDhanpat Rai PubaNew Delhic2000 a189 aBE Computer cBK c7886d7886 pBE 5681g60.00l0o105.23 Char2024-06-13 00:00:00w2022-10-30yBK003Print4071aMIETLIBbMIETLIBcBL-Second, FL-1, CUP-58, SH-6, R-6d2002-09-2010HBE pBE 5682g60.00l0o105.23 Char2024-06-13 00:00:00w2022-10-30yBK003Print4070aMIETLIBbMIETLIBcBL-Academic Block C, FL-2, CUP-107, SH-6, R-6d2002-06-2010HBE